| 000 | 00661nam a2200205 a 4500 | ||
|---|---|---|---|
| 005 | 20220531063610.0 | ||
| 008 | 010622s1994 es r 000 0 spa d | ||
| 020 | _a8486168902 | ||
| 035 | _aUPN01000108857 | ||
| 049 | _aCE | ||
| 050 | 4 |
_aZ680.3 _bA3.58 |
|
| 100 | 1 | _aAdams, Roy | |
| 245 | 1 | 0 |
_aComunicaciones y acceso a la información en la biblioteca / _cRoy Adams ; tr. David Torra Ferrer. |
| 260 |
_aMadrid : _bFundación Germán Sánchez Ruipérez, _c1994. |
||
| 300 | _a319 p. | ||
| 440 | 0 |
_aBiblioteca del libro ; _v59 |
|
| 650 | 4 |
_aBIBLIOTECAS - _xSISTEMAS DE COMUNICACION _92951 |
|
| 650 | 2 |
_aTecnología de la información _94816 |
|
| 905 | _aLibro | ||
| 999 |
_c82768 _d82768 |
||